00659nam a2200157 a 4500001000500000005001700005008004100022050002100063245006200084260005500146440003800201520021100239650001200450650002700462650001200489414020140414131941.0090218s19uu xx 00 eng d aTR 170bB19 2004 aBalderash the brilliant :ba hole-in-the-page color book. aAlexandria, Va. :bTime-Life for Children,cc1991. aTime-Life early learning program. aWhen a retired wizard is summoned to brighten up the dreary kingdom of Gray, he finds a very colorful solution. Holes in the pages highlight various colors and give clues about what is going to happen next. aWizards aToy and movable books. aColor -